00214nam a22000977a 4500008004100000082001100041245003000052260000900082300001000091440001500101180806b xxu||||| |||| 00| 0 eng d a813.52 aVoyager SkyGazercPearson c2003 a1fCD x0805386823